000 00754nam a2200241Ia 4500
005 20230616105421.0
008 131103s9999 xx 000 0 und d
040 _aLoreto College
041 _aEnglish
082 _a940.25
_bRED
100 _aReddaway,W.F.
245 2 _aA history of Europe
_b from 1715 to 1814
_cW.F.Reddaway; bibliography revised by B.L.Greaves
250 _a4th ed.
260 _aLondon
_bMethuen & Co Ltd.
_c1951 (1961 printing)
300 _axiii,559 p.
_b ill.,maps
440 _aMethuen's History Of Medieval And Modern Europe
504 _aIncludes index
650 _aModern History - 1715 - 1814
651 _aEurope - Modern History - 1715 - 1814
700 _aGreaves,B.L.,rev.
850 _aLCLIB
942 _cBK
999 _c8807
_d59286